It looks like you're offline.
Open Library logo
additional options menu

MARC Record from Library of Congress

Record ID marc_loc_2016/BooksAll.2016.part01.utf8:21795019:1147
Source Library of Congress
Download Link /show-records/marc_loc_2016/BooksAll.2016.part01.utf8:21795019:1147?format=raw

LEADER: 01147cam a2200301 a 4500
001 00037361
003 DLC
005 20060215084905.0
006 aa b 001 0
008 000323s2000 caua b 001 0 eng
010 $a 00037361
020 $a0761524266
040 $aDLC$cDLC$dDLC
043 $an-us---
050 00 $aLB2351.52.U6$bM29 2000
082 00 $a378.1/616$221
100 1 $aMason, Michael,$d1947-
245 10 $aHow to write a winning college application essay /$cMichael Mason.
250 $aRev. 4th ed.
260 $aRoseville, Calif. :$bPrima Pub.,$cc2000.
300 $axv, 207 p. :$bill. ;$c22 cm.
504 $aIncludes bibliographical references (p. 195-197) and index.
650 0 $aCollege applications$zUnited States.
650 0 $aExposition (Rhetoric)
650 0 $aUniversities and colleges$zUnited States$xAdmission.
856 42 $3Contributor biographical information$uhttp://www.loc.gov/catdir/bios/random052/00037361.html
856 41 $3Table of contents$uhttp://www.loc.gov/catdir/toc/random041/00037361.html
856 42 $3Publisher description$uhttp://www.loc.gov/catdir/description/random043/00037361.html